Tìm hiểu ngôn ngữ các nước trên thế giới /

Ngôn ngữ các châu lục; Các ngữ hệ trên thế giới.

Đã lưu trong:
Sonraí Bibleagrafaíochta
Príomhúdar: Hoàng Trường. Trần Kiết Hùng Lê Thị Thu Hằng, Trần Phương Thả
Údair Eile: Trần Kiết Hùng (dịch.), Lê Thị Thu Hằng (dịch.), Trần Phương Thảo (dịch.), Lê Văn Sơn (dịch.)
Formáid: Leabhar
Foilsithe: Tp.HCM : Nxb Tp.HCM, 2003.
Ábhair:
Clibeanna: Cuir Clib Leis
Gan Chlibeanna, Bí ar an gcéad duine leis an taifead seo a chlibeáil!
Thư viện lưu trữ: Mạng thư viện Đại học Đà Nẵng
LEADER 01311nam a2200373 a 4500
001 000041423
003 15886
005 20220630101858.0
008 171030s2003
020 |c 70000 
040 |a LNN  |c LNN  |d LNN 
041 1 |a VIE 
082 1 4 |a 409  |b HO-T 
100 1 |a Hoàng Trường.  |b Trần Kiết Hùng  |c Lê Thị Thu Hằng,  |d Trần Phương Thả  |h Lê Văn Sơn 
245 1 0 |a Tìm hiểu ngôn ngữ các nước trên thế giới /  |c Hoàng Trường chủ biên. 
260 |a Tp.HCM :  |b Nxb Tp.HCM,  |c 2003. 
300 |a 538 tr. ;  |c 20,5 cm. 
520 3 |a Ngôn ngữ các châu lục; Các ngữ hệ trên thế giới. 
630 0 4 |a Ngôn ngữ. 
650 0 4 |a Ngôn ngữ. 
700 1 |a Trần Kiết Hùng,  |e dịch. 
700 1 |a Lê Thị Thu Hằng,  |e dịch. 
700 1 |a Trần Phương Thảo,  |e dịch. 
700 1 |a Lê Văn Sơn,  |e dịch. 
OWN |a LNN 
902 |a TKV 
AVA |a UDN50  |b LNN  |d 409 HO-T  |e available  |t Error 5001 Not defined in file expand_doc_bib_avail.  |f 4  |g 0  |h N  |i 0 
999 |a From the UDN01 
AVA |a UDN50  |b LNN  |d 409 HO-T  |e available  |t Error 5001 Not defined in file expand_doc_bib_avail.  |f 4  |g 0  |h N  |i 0 
TYP |a Monograph 
TYP |a Printed language 
980 |a Mạng thư viện Đại học Đà Nẵng